000 00334 a2200157 4500
001 167817
020 _a
040 _cMagnum
100 _aRodrigues, Rosicler Martins
240 1 0 _aA vida da borboleta
_lpor
245 1 0 _aA vida da borboleta
362 0 _a1899
440 1 _aModerna
697 _aIJ/PARADIDATICO
942 _cBK
999 _c167817
_d167817